[Event "IECC TH-M-2684"]
[Site "IECC email"]
[Date "2006.12.02"]
[Round "?"]
[White "Galayko, Konstantin"]
[Black "Coleman, Michael"]
[Result "0-1"]
[WhiteElo "1323"]
[BlackElo "1726"]
[PlyCount "36"]
[EventDate "2006.??.??"]
[EventType "match (corr)"]
[EventRounds "2"]
[SourceTitle "Corr 2008"]
[Source "ChessBase"]
[SourceDate "2008.06.24"]
[SourceVersion "1"]
[SourceVersionDate "2008.06.24"]
[SourceQuality "1"]

1. b4 d5 2. Bb2 Bg4 3. Nf3 Nf6 4. e3 Nbd7 5. Be2 e6 6. 0-0 Bxb4 7. d3 0-0 8. Nbd2 c6 9. c4 Qc7 10. a3 Bd6 11. cxd5 exd5 12. h3 Bh5 13. Nd4 Bg6 14. Bg4 Nxg4 15. hxg4 Bxd3 16. Re1 Nc5 17. N2b3 Bh2+ 18. Kh1 Ne4 0-1

[Event "IECC Swiss-497.2"]
[Site "IECC email"]
[Date "2005.10.21"]
[Round "?"]
[White "Galayko, Konstantin"]
[Black "Magee, Kerry"]
[Result "1-0"]
[WhiteElo "1321"]
[BlackElo "913"]
[PlyCount "35"]
[EventDate "2005.??.??"]
[EventType "swiss (corr)"]
[EventRounds "1"]
[SourceTitle "Corr 2008"]
[Source "ChessBase"]
[SourceDate "2008.06.24"]
[SourceVersion "1"]
[SourceVersionDate "2008.06.24"]
[SourceQuality "1"]

1. d4 Nf6 2. c4 e6 3. Nc3 Bb4 4. Nf3 b6 5. e3 0-0 6. Bd3 Bb7 7. a3 Bxc3+ 8. bxc3 Nc6 9. 0-0 Qe7 10. a4 a5 11. e4 d5 12. Ba3 Nb4 13. cxb4 dxe4 14. bxa5 exd3 15. Bxe7 Rfe8 16. Bxf6 gxf6 17. Qxd3 Bxf3 18. Qxf3 1-0

[Event "IECC KO email"]
[Site "IECC email"]
[Date "2002.09.30"]
[Round "?"]
[White "Galayko, Konstantin"]
[Black "Kamarul, Muhammad"]
[Result "0-1"]
[WhiteElo "1420"]
[BlackElo "1588"]
[PlyCount "64"]
[EventDate "2002.??.??"]
[EventType "tourn (corr)"]
[EventRounds "6"]
[SourceTitle "Corr 2008"]
[Source "ChessBase"]
[SourceDate "2008.06.24"]
[SourceVersion "1"]
[SourceVersionDate "2008.06.24"]
[SourceQuality "1"]

1. d4 Nf6 2. c4 e6 3. Nc3 Bb4 4. e3 d5 5. a3 Bxc3+ 6. bxc3 0-0 7. a4 Nc6 8. Ba3 Re8 9. Nf3 e5 10. dxe5 Nxe5 11. Be2 Nxc4 12. Bxc4 dxc4 13. Qd4 Qxd4 14. Nxd4 Bd7 15. Bb2 Ne4 16. Ke2 Nc5 17. a5 Nd3 18. Rhb1 c5 19. Nf3 Bf5 20. Ne1 Nxe1 21. Rxe1 Bd3+ 22. Kf3 Re6 23. Ba3 b6 24. axb6 axb6 25. Bb2 Rae8 26. g4 h5 27. h3 Rf6+ 28. Kg2 Be4+ 29. Kg1 hxg4 30. Ra6 gxh3 31. f4 Rg6+ 32. Kh2 Rg2+ 0-1

[Event "IECC KO email"]
[Site "IECC email"]
[Date "2001.11.27"]
[Round "?"]
[White "Bennett, Gary"]
[Black "Galayko, Konstantin"]
[Result "1/2-1/2"]
[WhiteElo "1627"]
[BlackElo "1392"]
[PlyCount "73"]
[EventDate "2001.??.??"]
[EventType "tourn (corr)"]
[EventRounds "6"]
[SourceTitle "Corr 2008"]
[Source "ChessBase"]
[SourceDate "2008.06.24"]
[SourceVersion "1"]
[SourceVersionDate "2008.06.24"]
[SourceQuality "1"]

1. c4 c5 2. Nf3 Nf6 3. d4 cxd4 4. Nxd4 Nc6 5. Nc3 e5 6. Nb3 Bb4 7. Bd2 0-0 8. Nd5 Bxd2+ 9. Qxd2 d6 10. e3 Nxd5 11. cxd5 Ne7 12. Bc4 a6 13. 0-0 b5 14. Be2 f5 15. f3 Bb7 16. e4 Qb6+ 17. Kh1 Rac8 18. Rac1 Rxc1 19. Rxc1 Rc8 20. g3 Rxc1+ 21. Nxc1 Qc7 22. Nb3 h6 23. Bd3 Bc8 24. Qa5 Qxa5 25. Nxa5 g6 26. Kg2 Kg7 27. Kf2 f4 28. gxf4 exf4 29. b3 Kf6 30. a4 bxa4 31. bxa4 Bd7 32. Bxa6 Bxa4 33. Nc4 Bb3 34. Nxd6 Nxd5 35. exd5 Bxd5 36. Bb7 Be6 37. Bc8 1/2-1/2